00386nam a2200145 a 450000500170000000800410001702000180005805000230007610000280009924500150012726000440014230000070018644000330019365000140022620140414132135.0140221s19uu xx 00 eng d a9781426307751 aREF 567.9bWe 2011 aWeidner-Zochfeld, Kathy aDinosaurs. aNew York :bNational Geographic,c2011. a32 aNational Geographic for kids aDinosaurs